000 00806cab a2200253 4500
001 WB2907-75
008 090401t1993 xxu||||| |||| 00| 0 eng d
035 _a(Sirsi) u54845
041 _aeng
245 _aBoost for inner city projects
260 _c1993
350 _a0
490 _aAction for Cities News Release
_v(86) 12 February 1993 (9)
520 _a81 projects in 46 inner city areas will be supported 1993/94 by the Urban Partnership Fund as part of the Capital Partnership programme. Lists successful projects.
650 _aCAPITAL PARTNERSHIP PROGRAMME
650 _aCRITERIA FOR SELECTION
650 _aGRANTS
650 _aINNER CITIES
650 _aURBAN PARTNERSHIP FUND
650 _aURBAN REGENERATION
690 _aURBAN RENEWAL
942 _n0
948 _c04/03/1997
999 _c33606
_d33606